<?xml version="1.0" encoding="UTF-8"?>
<record
    xmlns:xsi="http://www.w3.org/2001/XMLSchema-instance"
    xsi:schemaLocation="http://www.loc.gov/MARC21/slim http://www.loc.gov/standards/marcxml/schema/MARC21slim.xsd"
    xmlns="http://www.loc.gov/MARC21/slim">

  <leader>01120nam a2200265 a 4500</leader>
  <controlfield tag="001">BRCA_4491</controlfield>
  <controlfield tag="005">20190320204706.0</controlfield>
  <controlfield tag="008">140910s1949----sp-e######---#000-0#spa-#</controlfield>
  <datafield tag="041" ind1=" " ind2=" ">
    <subfield code="a">spa</subfield>
  </datafield>
  <datafield tag="044" ind1=" " ind2=" ">
    <subfield code="a">sp</subfield>
  </datafield>
  <datafield tag="050" ind1=" " ind2="4">
    <subfield code="a">N3450</subfield>
    <subfield code="b">.S26 1949</subfield>
  </datafield>
  <datafield tag="100" ind1="1" ind2=" ">
    <subfield code="a">S&#xE1;nchez Cant&#xF3;n, F.</subfield>
    <subfield code="9">11377</subfield>
  </datafield>
  <datafield tag="245" ind1="1" ind2="0">
    <subfield code="a">Museo del Prado</subfield>
    <subfield code="b">cat&#xE1;logo de los cuadros</subfield>
    <subfield code="c">por F. J. S&#xE1;nchez Cant&#xF3;n.</subfield>
  </datafield>
  <datafield tag="260" ind1=" " ind2=" ">
    <subfield code="a">Madrid</subfield>
    <subfield code="b">Blass</subfield>
    <subfield code="c">1949</subfield>
  </datafield>
  <datafield tag="300" ind1=" " ind2=" ">
    <subfield code="a">xviii, 883 p.</subfield>
    <subfield code="b">il. 1 plano</subfield>
    <subfield code="c">18 cm.</subfield>
  </datafield>
  <datafield tag="440" ind1=" " ind2="0">
    <subfield code="a">Publicaciones del Museo del Prado</subfield>
    <subfield code="9">11378</subfield>
  </datafield>
  <datafield tag="500" ind1=" " ind2=" ">
    <subfield code="a">Incluye &#xED;ndice cronol&#xF3;gico de los cat&#xE1;logos de los cuadros del museo, &#xED;ndice de n&#xFA;meros de los cuadros, n&#xFA;meros de las p&#xE1;ginas y n&#xFA;meros de las salas en las que se encuentran expuestos, relaci&#xF3;n de legados y donativos, &#xED;ndice de artistas citados, &#xED;ndice de temas y de personajes retratados e &#xED;ndice de lugares representados</subfield>
  </datafield>
  <datafield tag="500" ind1=" " ind2=" ">
    <subfield code="a">CFG2</subfield>
  </datafield>
  <datafield tag="650" ind1="1" ind2="4">
    <subfield code="a">Pinturas</subfield>
    <subfield code="v">Cat&#xE1;logos</subfield>
    <subfield code="z">Madrid</subfield>
    <subfield code="9">11379</subfield>
  </datafield>
  <datafield tag="650" ind1="1" ind2="4">
    <subfield code="a">Pinturas</subfield>
    <subfield code="v">Exposiciones</subfield>
    <subfield code="z">Madrid</subfield>
    <subfield code="9">11072</subfield>
  </datafield>
  <datafield tag="650" ind1="1" ind2="4">
    <subfield code="a">Museos de arte</subfield>
    <subfield code="z">Madrid</subfield>
    <subfield code="9">11380</subfield>
  </datafield>
  <datafield tag="710" ind1="2" ind2=" ">
    <subfield code="a">Museo del Prado (Madrid)</subfield>
    <subfield code="9">11074</subfield>
  </datafield>
  <datafield tag="902" ind1=" " ind2=" ">
    <subfield code="a">GFM</subfield>
  </datafield>
  <datafield tag="942" ind1=" " ind2=" ">
    <subfield code="2">lcc</subfield>
    <subfield code="c">B</subfield>
  </datafield>
  <datafield tag="999" ind1=" " ind2=" ">
    <subfield code="c">4197</subfield>
    <subfield code="d">4197</subfield>
  </datafield>
  <datafield tag="952" ind1=" " ind2=" ">
    <subfield code="0">0</subfield>
    <subfield code="1">0</subfield>
    <subfield code="4">0</subfield>
    <subfield code="7">0</subfield>
    <subfield code="a">BRCA</subfield>
    <subfield code="b">BRCA</subfield>
    <subfield code="d">2010-09-14</subfield>
    <subfield code="i">CFG2</subfield>
    <subfield code="l">0</subfield>
    <subfield code="o">N3450 .S26 1949 (CFG2)</subfield>
    <subfield code="p">4488</subfield>
    <subfield code="r">2019-03-22 00:00:00</subfield>
    <subfield code="w">2019-03-22</subfield>
    <subfield code="y">B</subfield>
  </datafield>
</record>
